000 00530cam a2200193 4500
001 D6382
008 090401t1973 xxu||||| |||| 00| 0 eng d
035 _a(Sirsi) u507
041 _aeng
050 _a346.41068
100 _aKitchen, Stanley
245 _aImportant aspects of professional partnerships
260 _aReading
_bCollege of Estate Management
_c1973
300 _a38p. 22cm
350 _a2
520 _aCommissioned by the Trustees of the Guy Bigwood Award, October 1973
942 _n0
948 _c04/03/1997
999 _c85566
_d85566